[Event "Reykjavik op"]
[Site "Reykjavik"]
[Date "2023.04.03"]
[Round "8"]
[White "Horan, George"]
[Black "Briem, Benedikt"]
[Result "0-1"]
[WhiteElo "1729"]
[BlackElo "2127"]
[PlyCount "53"]
[EventDate "2023.03.29"]
[EventType "swiss"]
[EventRounds "9"]
[EventCountry "ISL"]
[SourceTitle "EXT 2024"]
[Source "ChessBase"]
[SourceDate "2023.10.10"]
[SourceVersion "1"]
[SourceVersionDate "2023.10.10"]
[SourceQuality "1"]

1. d4 d5 2. c4 e6 3. Nf3 c6 4. b3 f5 5. g3 Nf6 6. Bg2 Bd6 7. 0-0 0-0 8. Bf4 b6 9. Nbd2 Ne4 10. Qc2 Ba6 11. Bxd6 Qxd6 12. Nxe4 fxe4 13. c5 bxc5 14. dxc5 Qe7 15. Ne5 Qg5 16. f4 exf3 17. Nxf3 Qe3+ 18. Kh1 Nd7 19. b4 e5 20. Qd2 Rxf3 21. Qxe3 Rxe3 22. Bh3 Nf6 23. Be6+ Kh8 24. g4 Bxe2 25. g5 Bxf1 26. gxf6 Bh3 27. Bxh3 0-1

[Event "Reykjavik op"]
[Site "Reykjavik"]
[Date "2023.04.02"]
[Round "7"]
[White "Bartelt, Max Peter"]
[Black "Horan, George"]
[Result "0-1"]
[WhiteElo "2031"]
[BlackElo "1729"]
[PlyCount "121"]
[EventDate "2023.03.29"]
[EventType "swiss"]
[EventRounds "9"]
[EventCountry "ISL"]
[SourceTitle "EXT 2024"]
[Source "ChessBase"]
[SourceDate "2023.10.10"]
[SourceVersion "1"]
[SourceVersionDate "2023.10.10"]
[SourceQuality "1"]

1. d4 Nf6 2. Bg5 Ne4 3. h4 d5 4. Nd2 Nxg5 5. hxg5 Bf5 6. e3 Nc6 7. g4 Bg6 8. f4 e6 9. a3 f6 10. Ngf3 Be7 11. gxf6 gxf6 12. Nh4 Bf7 13. Ndf3 Qd7 14. c4 0-0-0 15. Qc2 Rdg8 16. Bh3 h5 17. gxh5 f5 18. Ng6 Bxg6 19. hxg6 Rxg6 20. 0-0-0 Rg3 21. cxd5 Qxd5 22. Bg2 Rhg8 23. Rhg1 Qa2 24. Ng5 Bxg5 25. Bxc6 Bxf4 26. Rxg3 Rxg3 27. exf4 bxc6 28. Qxc6 Qd5 29. Qxd5 exd5 30. Re1 Rf3 31. Re5 Rxf4 32. Rxd5 Rf2 33. Ra5 Kb7 34. b4 f4 35. Kd1 f3 36. Ke1 Ra2 37. Kf1 c6 38. b5 Kb6 39. Ra6+ Kxb5 40. Rxa7 Kc4 41. Ra6 Kd5 42. a4 Rc2 43. Ra8 Kxd4 44. Rf8 Rc3 45. Kf2 Kc5 46. Rf4 Kb6 47. Ke1 Ka5 48. Kd2 Ra3 49. Kc2 c5 50. Kd2 f2 51. Rf5 Kb4 52. Ke2 Ra2+ 53. Kd3 c4+ 54. Kd4 c3 55. Kd3 Rd2+ 56. Ke3 Kxa4 57. Rf3 Kb3 58. Kf4 Kc2 59. Kg3 Rd3 60. Kxf2 Rxf3+ 61. Kxf3 0-1

[Event "BCF-chT3W 2223 (4NCL)"]
[Site "England"]
[Date "2023.01.15"]
[Round "4.16"]
[White "Fellowes, Billy"]
[Black "Horan, George"]
[Result "0-1"]
[WhiteElo "1874"]
[BlackElo "2002"]
[PlyCount "212"]
[EventDate "2022.10.22"]
[EventType "team-tourn"]
[EventRounds "11"]
[EventCountry "ENG"]
[SourceTitle "EXT 2024"]
[Source "ChessBase"]
[SourceDate "2023.10.10"]
[SourceVersion "1"]
[SourceVersionDate "2023.10.10"]
[SourceQuality "1"]
[WhiteTeam "Warwicks Select II"]
[BlackTeam "Barnet Knights II"]
[WhiteTeamCountry "ENG"]
[BlackTeamCountry "ENG"]

1. e4 c5 2. Nf3 d6 3. d4 cxd4 4. Qxd4 Nc6 5. Bb5 Bd7 6. Bxc6 Bxc6 7. Nc3 e6 8. Bg5 Nf6 9. 0-0 Be7 10. Rad1 0-0 11. e5 dxe5 12. Qxd8 Rfxd8 13. Nxe5 Be8 14. Bxf6 Bxf6 15. f4 Rxd1 16. Rxd1 Rd8 17. Rxd8 Bxd8 18. Kf2 f6 19. Nd3 h6 20. b4 g5 21. fxg5 hxg5 22. Nc5 Bb6 23. N3e4 Bg6 24. Ke2 Bxe4 25. Nxe4 Bd8 26. Nc5 Be7 27. Nxe6 Bxb4 28. Kf3 Kh7 29. Ke4 Kg6 30. g4 Bc3 31. Nd8 b5 32. Nc6 a6 33. Ne7+ Kf7 34. Nd5 Be5 35. Kf5 a5 36. h3 b4 37. Nb6 Bc7 38. Nc4 Ke7 39. Nd2 Bb6 40. Ne4 Bd4 41. Nd2 Bb6 42. Nc4 Bc7 43. a3 bxa3 44. Nxa3 Bd6 45. Nb5 a4 46. Nc3 a3 47. Na2 Be5 48. Ke4 Kd6 49. Kd3 Kc5 50. Nc1 Bd6 51. Na2 Kd5 52. Nc3+ Ke5 53. Ke3 Bc5+ 54. Kf3 Kd4 55. Na2 Bd6 56. Kf2 Bf4 57. Ke2 Kc4 58. Kf3 Kd4 59. Kf2 Bd2 60. Ke2 Ba5 61. Kf3 Bd2 62. Ke2 Bc3 63. Kf3 Ba5 64. Kf2 Ke4 65. Nc1 Bd2 66. Na2 Kf4 67. c3 Be3+ 68. Kg2 Ke4 69. Nb4 Ke5 70. Kf3 Bc5 71. Na2 Kd5 72. Ke2 Kc4 73. Kd2 Bd6 74. Kc2 Be5 75. Kd2 Kb3 76. Nc1+ Kb2 77. Nd3+ Kb1 78. Nb4 a2 79. Nc2 Kb2 80. c4 Kb3 81. c5 a1Q 82. Nxa1+ Bxa1 83. Kd3 Kb4 84. c6 Be5 85. Ke4 Kc5 86. Kf5 Kxc6 87. Kg6 Kd5 88. Kh5 Ke4 89. h4 Kf4 90. hxg5 fxg5 91. Kh6 Kxg4 92. Kg6 Bf4 93. Kh6 Kf3 94. Kh5 g4 95. Kh4 g3 96. Kh5 g2 97. Kg6 g1Q+ 98. Kf5 Qc5+ 99. Ke6 Qd6+ 100. Kf5 Qe5+ 101. Kg6 Qe6+ 102. Kg7 Be5+ 103. Kh7 Qf7+ 104. Kh6 Qg7+ 105. Kh5 Kf4 106. Kh4 Qh7# 0-1

[Event "BCF-chT3W 2223 (4NCL)"]
[Site "England"]
[Date "2022.10.23"]
[Round "2.56"]
[White "Holroyd Doveton, Nathaniel"]
[Black "Horan, George"]
[Result "0-1"]
[WhiteElo "1705"]
[BlackElo "2002"]
[PlyCount "78"]
[EventDate "2022.10.22"]
[EventType "team-tourn"]
[EventRounds "11"]
[EventCountry "ENG"]
[SourceTitle "EXT 2024"]
[Source "ChessBase"]
[SourceDate "2023.10.10"]
[SourceVersion "1"]
[SourceVersionDate "2023.10.10"]
[SourceQuality "1"]
[WhiteTeam "Chessable White Rose III"]
[BlackTeam "Barnet Knights II"]
[WhiteTeamCountry "ENG"]
[BlackTeamCountry "ENG"]

1. c4 e5 2. Nc3 Bb4 3. Nd5 Bc5 4. e3 Nc6 5. Ne2 a5 6. g3 d6 7. Bg2 Nf6 8. 0-0 Nxd5 9. cxd5 Ne7 10. d4 exd4 11. Nxd4 0-0 12. b3 Bd7 13. Bb2 Qc8 14. Qd3 Bh3 15. Nf3 f6 16. a3 Ng6 17. Bxh3 Qxh3 18. Bd4 Bxd4 19. Nxd4 Ne5 20. Qe2 Rfe8 21. Rfc1 c6 22. dxc6 bxc6 23. Qf1 Qh5 24. Qg2 c5 25. Nb5 Rab8 26. a4 Red8 27. Rd1 d5 28. Rac1 c4 29. bxc4 dxc4 30. Rxd8+ Rxd8 31. Nd4 Qf7 32. Rb1 Qd7 33. Rb5 c3 34. Qe4 Rc8 35. Qc2 Qh3 36. Rxa5 Ng4 37. Nf3 h5 38. Qf5 Nxf2 39. Qxh3 Nxh3+ 0-1